[Event "Prague op-A 18th"]
[Site "Prague"]
[Date "2019.01.11"]
[Round "1"]
[White "Yakimenko, Alexander A"]
[Black "Ocko, Dominik"]
[Result "1-0"]
[WhiteElo "2233"]
[BlackElo "1896"]
[PlyCount "111"]
[EventDate "2019.01.11"]
[EventType "swiss"]
[EventRounds "9"]
[EventCountry "CZE"]
[SourceTitle "CBM 188 Extra"]
[Source "ChessBase"]
[SourceDate "2019.02.28"]
[SourceVersion "1"]
[SourceVersionDate "2019.02.28"]
[SourceQuality "1"]

1. e4 c5 2. Nf3 e6 3. b3 Nc6 4. Bb2 d6 5. Bb5 Bd7 6. 0-0 Nf6 7. Re1 Be7 8. d4 cxd4 9. Nxd4 Nxd4 10. Bxd7+ Qxd7 11. Qxd4 e5 12. Qd3 0-0 13. Nc3 a6 14. Nd5 Nxd5 15. Qxd5 Rac8 16. Qd3 Qc6 17. c4 b5 18. Rec1 Bg5 19. cxb5 Qxb5 20. Qxb5 axb5 21. Rxc8 Rxc8 22. a4 b4 23. a5 Bd8 24. a6 Bb6 25. Rc1 Bc5 26. Kf1 f6 27. Ke2 Kf7 28. f3 Ke6 29. Kd3 Kd7 30. Ra1 Kc6 31. Kc4 Ra8 32. Bc1 Kb6 33. a7 Rxa7 34. Rxa7 Kxa7 35. Kb5 Kb7 36. Bd2 Kc7 37. g4 g6 38. Bxb4 Bg1 39. h3 h5 40. Ba5+ Kd7 41. Kc4 Kc6 42. gxh5 gxh5 43. b4 d5+ 44. exd5+ Kd6 45. b5 f5 46. Bb4+ Kd7 47. Bc5 Bh2 48. Kd3 Bg3 49. b6 Bh4 50. Kc4 e4 51. fxe4 fxe4 52. Be3 Bd8 53. Kb5 Bxb6 54. Bxb6 Kd6 55. Kc4 Ke5 56. Be3 1-0

[Event "CZE-chT U18 Extraliga Ost 1718"]
[Site "Czech Republic"]
[Date "2018.01.20"]
[Round "7.4"]
[White "Ocko, Dominik"]
[Black "Horvath, Tomas"]
[Result "1/2-1/2"]
[WhiteElo "1854"]
[BlackElo "1764"]
[PlyCount "88"]
[EventDate "2017.10.07"]
[EventType "team-tourn"]
[EventRounds "11"]
[EventCountry "CZE"]
[SourceTitle "EXT 2023"]
[Source "ChessBase"]
[SourceDate "2022.10.05"]
[SourceVersion "1"]
[SourceVersionDate "2022.10.05"]
[SourceQuality "1"]
[WhiteTeam "Frydek Mistek Interchess (U18)"]
[BlackTeam "Orlova Slavia (U18)"]
[WhiteTeamCountry "CZE"]
[BlackTeamCountry "CZE"]

1. Nf3 d5 2. b3 Bf5 3. e3 Nf6 4. Bb2 e6 5. c4 Be7 6. Nc3 0-0 7. Be2 h6 8. Ne5 Nbd7 9. f4 Nc5 10. d3 a5 11. Nb5 c6 12. Nd4 Nfd7 13. Nxf5 exf5 14. cxd5 Nxe5 15. Bxe5 Qxd5 16. 0-0 Rfd8 17. Qc2 Kf8 18. Rad1 Na6 19. Qb2 f6 20. Bd4 Bc5 21. Bxc5+ Nxc5 22. Qa3 Qd6 23. d4 Ne4 24. Qxd6+ Rxd6 25. Bf3 Nc3 26. Rd2 a4 27. b4 Re8 28. Rd3 Nb5 29. a3 Ke7 30. Rc1 g6 31. Kf2 Kd7 32. Bd1 Ra8 33. Bf3 Rc8 34. Bd1 Ra8 35. Bc2 Rd5 36. Bb1 Nd6 37. Rdc3 Ne4+ 38. Bxe4 fxe4 39. Rc5 Rxc5 40. dxc5 Kc7 41. Ke2 b5 42. Rd1 Rd8 43. Rxd8 Kxd8 44. Kd2 Ke7 1/2-1/2

[Event "EU-ch rapid"]
[Site "Katowice"]
[Date "2017.12.16"]
[Round "1"]
[White "Neiksans, Arturs"]
[Black "Ocko, Dominik"]
[Result "1-0"]
[WhiteElo "2590"]
[BlackElo "1913"]
[PlyCount "57"]
[EventDate "2017.12.16"]
[EventType "swiss (rapid)"]
[EventRounds "11"]
[EventCountry "POL"]
[SourceTitle "CBM 182 Extra"]
[Source "ChessBase"]
[SourceDate "2018.02.23"]
[SourceVersion "1"]
[SourceVersionDate "2018.02.23"]
[SourceQuality "1"]

1. g3 d5 2. Nf3 Nf6 3. Bg2 c6 4. 0-0 Bf5 5. d3 e6 6. Nbd2 h6 7. b3 Be7 8. Bb2 Nbd7 9. e4 Bg4 10. h3 Bh5 11. e5 Nh7 12. Qe1 g5 13. Nd4 Qc7 14. f4 gxf4 15. gxf4 Rg8 16. f5 Bc5 17. Kh1 Bxd4 18. Bxd4 0-0-0 19. Qh4 c5 20. Bg1 Be2 21. Rf2 Qxe5 22. Re1 Qg7 23. Rexe2 Ng5 24. Bh2 Qa1+ 25. Rf1 Qxa2 26. Qf4 e5 27. Rxe5 Nxe5 28. Qxe5 Nf3 29. Qc7# 1-0

[Event "EU Union-ch U14"]
[Site "Kouty nad Desnou"]
[Date "2017.08.26"]
[Round "8"]
[White "Ocko, Dominik"]
[Black "Gupta, Utkarsh1"]
[Result "1/2-1/2"]
[WhiteElo "1917"]
[BlackElo "1678"]
[PlyCount "59"]
[EventDate "2017.08.19"]
[EventType "swiss"]
[EventRounds "9"]
[EventCountry "CZE"]
[SourceTitle "CBM 180 Extra"]
[Source "ChessBase"]
[SourceDate "2017.10.06"]
[SourceVersion "1"]
[SourceVersionDate "2017.10.06"]
[SourceQuality "1"]

1. d4 Nf6 2. Nf3 d5 3. Bf4 c5 4. c3 Nc6 5. Nbd2 cxd4 6. cxd4 Qb6 7. Nb3 Bf5 8. Nh4 Bg6 9. Nxg6 hxg6 10. e3 e6 11. Bd3 Nb4 12. h3 Nxd3+ 13. Qxd3 Bb4+ 14. Ke2 Rc8 15. Rac1 Ke7 16. a3 Bd6 17. Bxd6+ Qxd6 18. Qb5 b6 19. Qa6 Qd7 20. a4 Ne4 21. Nd2 Nxd2 22. Kxd2 Rxc1 23. Rxc1 Rb8 24. b3 Rb7 25. Rc3 Rc7 26. Qd3 Rc6 27. Qb5 Rxc3 28. Qxd7+ Kxd7 29. Kxc3 g5 30. Kd3 1/2-1/2

[Event "EU Union-ch U14"]
[Site "Kouty nad Desnou"]
[Date "2017.08.25"]
[Round "7"]
[White "Vanduyfhuys, Daria"]
[Black "Ocko, Dominik"]
[Result "1/2-1/2"]
[WhiteElo "1794"]
[BlackElo "1917"]
[PlyCount "146"]
[EventDate "2017.08.19"]
[EventType "swiss"]
[EventRounds "9"]
[EventCountry "CZE"]
[SourceTitle "CBM 180 Extra"]
[Source "ChessBase"]
[SourceDate "2017.10.06"]
[SourceVersion "1"]
[SourceVersionDate "2017.10.06"]
[SourceQuality "1"]

1. d4 Nf6 2. c4 e6 3. Nf3 d5 4. cxd5 exd5 5. Nc3 c6 6. Qc2 Nbd7 7. Bg5 Be7 8. e3 0-0 9. Bd3 h6 10. Bh4 Re8 11. 0-0 Ne4 12. Bg3 Nxg3 13. hxg3 Nf6 14. Rab1 Ng4 15. b4 Bd6 16. b5 c5 17. dxc5 Bxc5 18. Rfd1 Bxe3 19. fxe3 Nxe3 20. Qf2 Nxd1 21. Rxd1 Be6 22. Nd4 Qb6 23. Nf5 Qxf2+ 24. Kxf2 Rad8 25. Ne2 g6 26. Nfd4 Bg4 27. Rc1 Bxe2 28. Nxe2 Rc8 29. Rxc8 Rxc8 30. Ke3 Kf8 31. Kd4 Rd8 32. Nc3 Ke7 33. a4 b6 34. Na2 Ke6 35. Nb4 Rd7 36. Be2 f5 37. Bf3 Rc7 38. Bxd5+ Kd6 39. Nc6 g5 40. Ne5 Rh7 41. Nf7+ Ke7 42. Ke5 Rxf7 43. Bxf7 Kxf7 44. Kxf5 Kg7 45. Ke6 Kg6 46. Kd6 Kf5 47. Kc6 Kg4 48. Kb7 Kxg3 49. Kxa7 Kxg2 50. Kxb6 g4 51. a5 g3 52. a6 Kh3 53. a7 g2 54. a8Q g1Q+ 55. Ka6 Qa1+ 56. Kb7 Qg7+ 57. Kb6 Qd4+ 58. Ka6 Qa4+ 59. Kb7 Qxb5+ 60. Kc7 Qe5+ 61. Kb6 Qe3+ 62. Kc7 Qg3+ 63. Kb6 Qd6+ 64. Kb5 Qd3+ 65. Kc5 Qf5+ 66. Kd4 h5 67. Qh1+ Kg4 68. Qg2+ Kh4 69. Ke3 Qg4 70. Qh2+ Kg5 71. Qe5+ Kh4 72. Qh2+ Qh3+ 73. Qxh3+ Kxh3 1/2-1/2

[Event "EU Union-ch U14"]
[Site "Kouty nad Desnou"]
[Date "2017.08.23"]
[Round "5"]
[White "Lohr, Maximilian"]
[Black "Ocko, Dominik"]
[Result "1/2-1/2"]
[WhiteElo "1819"]
[BlackElo "1917"]
[PlyCount "58"]
[EventDate "2017.08.19"]
[EventType "swiss"]
[EventRounds "9"]
[EventCountry "CZE"]
[SourceTitle "CBM 180 Extra"]
[Source "ChessBase"]
[SourceDate "2017.10.06"]
[SourceVersion "1"]
[SourceVersionDate "2017.10.06"]
[SourceQuality "1"]

1. e4 c5 2. Nf3 Nc6 3. d4 cxd4 4. Nxd4 g6 5. Be3 Bg7 6. f3 Nf6 7. Nc3 0-0 8. Qd2 d5 9. Nxc6 bxc6 10. 0-0-0 Qa5 11. exd5 cxd5 12. Nxd5 Qxa2 13. Nxe7+ Kh8 14. Qb4 Re8 15. Bc4 a5 16. Qc5 Qa1+ 17. Kd2 Qxb2 18. Bxf7 Rd8+ 19. Ke2 Ba6+ 20. Kf2 Ne4+ 21. fxe4 Qf6+ 22. Kg3 Qxf7 23. Rxd8+ Rxd8 24. Qxa5 Qxe7 25. Qxa6 Qxe4 26. Re1 Qxc2 27. Qe2 Qf5 28. Qg4 Be5+ 29. Kh3 Qxg4+ 1/2-1/2

[Event "CZE-ch U14"]
[Site "Kouty nad Desnou"]
[Date "2017.03.18"]
[Round "9"]
[White "Svanda, Ondrej"]
[Black "Ocko, Dominik"]
[Result "1/2-1/2"]
[WhiteElo "2022"]
[BlackElo "1806"]
[PlyCount "82"]
[EventDate "2017.03.11"]
[EventType "swiss"]
[EventRounds "9"]
[EventCountry "CZE"]
[SourceTitle "CBM 177 Extra"]
[Source "ChessBase"]
[SourceDate "2017.04.27"]
[SourceVersion "1"]
[SourceVersionDate "2017.04.27"]
[SourceQuality "1"]

1. a3 e5 2. c4 Bc5 3. e3 c6 4. b4 Bb6 5. Bb2 d6 6. Nf3 Bg4 7. Be2 Nf6 8. 0-0 Nbd7 9. d3 0-0 10. Nbd2 Qe7 11. h3 Bh5 12. Re1 d5 13. c5 Bc7 14. e4 Bxf3 15. Bxf3 d4 16. Nb3 b6 17. Rc1 b5 18. Ra1 a5 19. Nd2 h6 20. Nf1 Nh7 21. Ng3 g6 22. Qe2 Ng5 23. Bg4 Kh7 24. Bc1 Ne6 25. Bxe6 fxe6 26. Bd2 Qf7 27. Rf1 Kg7 28. Rfb1 a4 29. Rf1 Rae8 30. Rae1 Qe7 31. Qd1 Qh4 32. Qg4 Qxg4 33. hxg4 Rf7 34. f3 Ref8 35. Kf2 Bd8 36. Rh1 Bg5 37. Bxg5 hxg5 38. Rh3 Rh8 39. Rxh8 Kxh8 40. Rh1+ Kg7 41. Ne2 Nf6 1/2-1/2

[Event "CZE-ch U14"]
[Site "Kouty nad Desnou"]
[Date "2017.03.17"]
[Round "8"]
[White "Stinka, Jakub"]
[Black "Ocko, Dominik"]
[Result "1/2-1/2"]
[WhiteElo "2061"]
[BlackElo "1806"]
[PlyCount "43"]
[EventDate "2017.03.11"]
[EventType "swiss"]
[EventRounds "9"]
[EventCountry "CZE"]
[SourceTitle "CBM 177 Extra"]
[Source "ChessBase"]
[SourceDate "2017.04.27"]
[SourceVersion "1"]
[SourceVersionDate "2017.04.27"]
[SourceQuality "1"]

1. e4 c5 2. Nf3 d6 3. d4 cxd4 4. Nxd4 Nf6 5. Nc3 Nc6 6. Bc4 Bd7 7. Bb3 Rc8 8. f3 g6 9. Be3 Bg7 10. Qd2 Na5 11. 0-0-0 Nxb3+ 12. Nxb3 0-0 13. g4 b5 14. Nd5 Nxd5 15. exd5 Qc7 16. Kb1 a5 17. h4 a4 18. Nd4 Qc4 19. Qd3 Qxd3 20. Rxd3 e5 21. dxe6 fxe6 22. Bg5 1/2-1/2

[Event "CZE-ch U14"]
[Site "Kouty nad Desnou"]
[Date "2017.03.16"]
[Round "7"]
[White "Ocko, Dominik"]
[Black "Vorisek, Jakub"]
[Result "1-0"]
[WhiteElo "1806"]
[BlackElo "1967"]
[PlyCount "33"]
[EventDate "2017.03.11"]
[EventType "swiss"]
[EventRounds "9"]
[EventCountry "CZE"]
[SourceTitle "CBM 177 Extra"]
[Source "ChessBase"]
[SourceDate "2017.04.27"]
[SourceVersion "1"]
[SourceVersionDate "2017.04.27"]
[SourceQuality "1"]

1. Nf3 d5 2. g3 c5 3. c4 Nf6 4. cxd5 Nxd5 5. Nc3 Nc6 6. Bg2 Nc7 7. 0-0 e5 8. a3 Be7 9. b4 cxb4 10. axb4 Bxb4 11. Nxe5 Bd7 12. Qb3 Nxe5 13. Qxb4 Bc6 14. Bxc6+ Nxc6 15. Qxb7 Qd7 16. Nb5 Rc8 17. Nd6+ 1-0

[Event "EU-ch U14 26th"]
[Site "Prague"]
[Date "2016.08.19"]
[Round "2"]
[White "Ocko, Dominik"]
[Black "Haase, Pavel"]
[Result "0-1"]
[WhiteElo "1784"]
[BlackElo "2012"]
[PlyCount "80"]
[EventDate "2016.08.18"]
[EventType "swiss"]
[EventRounds "9"]
[EventCountry "CZE"]
[SourceTitle "CBM 174 Extra"]
[Source "ChessBase"]
[SourceDate "2016.10.10"]
[SourceVersion "1"]
[SourceVersionDate "2016.10.10"]
[SourceQuality "1"]

1. e4 c5 2. Nf3 d6 3. d4 cxd4 4. Nxd4 Nf6 5. Nc3 a6 6. Bg5 e6 7. f4 Be7 8. Qf3 Qc7 9. 0-0-0 Nbd7 10. g4 b5 11. Bxf6 gxf6 12. h4 Bb7 13. Rh2 b4 14. Nb1 d5 15. Rhd2 dxe4 16. Qe3 Nb6 17. f5 e5 18. Nb3 Rc8 19. c3 bxc3 20. Nxc3 Bb4 21. Kb1 Bxc3 22. bxc3 Na4 23. c4 Qb6 24. Qxb6 Nxb6 25. Rd6 Na4 26. Kc2 e3 27. Bd3 Ke7 28. Bf1 Be4+ 29. Kc1 Nc3 30. Rxa6 Nxd1 31. Ra7+ Kf8 32. Kxd1 Rd8+ 33. Ke1 Kg7 34. Be2 Ra8 35. Rxa8 Rxa8 36. Nc5 Bc2 37. a4 Rc8 38. Nb7 Rb8 39. Bd1 Bxd1 40. Kxd1 Rxb7 0-1

[Event "Kaunas Butnorius 70 op"]
[Site "Kaunas"]
[Date "2016.08.03"]
[Round "5"]
[White "Ocko, Dominik"]
[Black "Zilakauskis, Steponas"]
[Result "1/2-1/2"]
[WhiteElo "1784"]
[BlackElo "1538"]
[PlyCount "103"]
[EventDate "2016.08.01"]
[EventType "swiss"]
[EventRounds "9"]
[EventCountry "LTU"]
[SourceTitle "CBM 173 Extra"]
[Source "ChessBase"]
[SourceDate "2016.08.29"]
[SourceVersion "1"]
[SourceVersionDate "2016.08.29"]
[SourceQuality "1"]

1. d4 e6 2. e4 d5 3. e5 c5 4. c3 Qb6 5. a3 a5 6. Nf3 Nc6 7. Be2 Nh6 8. b3 Nf5 9. Be3 Be7 10. 0-0 0-0 11. a4 f6 12. exf6 Nxe3 13. fxe3 Bxf6 14. Na3 Bd7 15. Nb5 Na7 16. Nxa7 Qxa7 17. Qd3 cxd4 18. cxd4 Rac8 19. Rac1 Qb8 20. Qd2 Qa7 21. Bd3 b6 22. Rc2 g6 23. Rfc1 Qb8 24. Ba6 Rxc2 25. Qxc2 Qd6 26. Qc7 Qxc7 27. Rxc7 Rf7 28. Bc8 Bxc8 29. Rxc8+ Kg7 30. Rc6 Bd8 31. Rd6 Bc7 32. Rxe6 Rf6 33. Re7+ Rf7 34. Rxf7+ Kxf7 35. Kf2 h6 36. Ke2 Kf6 37. g4 g5 38. Kd3 Ke6 39. e4 Bf4 40. h3 Bg3 41. e5 Bf4 42. Ng1 Bc1 43. Ne2 Ba3 44. Ng3 Be7 45. Ne2 Bb4 46. Nc3 Bxc3 47. Kxc3 Kd7 48. b4 Ke6 49. bxa5 bxa5 50. Kd3 Ke7 51. Ke3 Ke6 52. Kf3 1/2-1/2

[Event "Oravska Priehrada op"]
[Site "Oravska Priehrada"]
[Date "2015.08.22"]
[Round "3"]
[White "Ocko, Dominik"]
[Black "Juhar, Roman"]
[Result "1/2-1/2"]
[WhiteElo "1698"]
[BlackElo "2146"]
[PlyCount "65"]
[EventDate "2015.08.21"]
[EventType "swiss"]
[EventRounds "7"]
[EventCountry "SVK"]
[SourceTitle "EXT 2016"]
[Source "ChessBase"]
[SourceDate "2015.10.08"]
[SourceVersion "1"]
[SourceVersionDate "2015.10.08"]
[SourceQuality "1"]

1. d4 d5 2. Nc3 Nf6 3. Bf4 Bf5 4. f3 e6 5. g4 Bg6 6. h4 h6 7. e3 Bd6 8. Nge2 Nc6 9. a3 e5 10. dxe5 Bxe5 11. Bxe5 Nxe5 12. Nf4 c6 13. Be2 Qb6 14. Qd4 Nfd7 15. 0-0-0 f6 16. g5 Bf7 17. gxf6 gxf6 18. Rhg1 Ke7 19. e4 Qxd4 20. Rxd4 dxe4 21. Nxe4 Rhg8 22. Ng3 Kf8 23. Rdd1 Re8 24. Nf5 Rxg1 25. Rxg1 Ng6 26. Nxg6+ Bxg6 27. Rxg6 Rxe2 28. Rxh6 Rf2 29. Rh8+ Kf7 30. Rh7+ Ke6 31. Nd4+ Kd6 32. h5 a6 33. h6 1/2-1/2

[Event "EU Union-ch U12 13th"]
[Site "Mureck"]
[Date "2015.08.11"]
[Round "7"]
[White "Ocko, Dominik"]
[Black "Baranauskas, Vitas"]
[Result "1/2-1/2"]
[WhiteElo "1698"]
[BlackElo "1121"]
[PlyCount "73"]
[EventDate "2015.08.05"]
[EventType "swiss"]
[EventRounds "9"]
[EventCountry "AUT"]
[SourceTitle "EXT 2016"]
[Source "ChessBase"]
[SourceDate "2015.10.08"]
[SourceVersion "1"]
[SourceVersionDate "2015.10.08"]
[SourceQuality "1"]

1. d4 d5 2. c4 c6 3. Nc3 e5 4. dxe5 d4 5. Ne4 Qa5+ 6. Bd2 Qxe5 7. Ng3 Nf6 8. Nf3 Qd6 9. e3 dxe3 10. Bxe3 Qxd1+ 11. Rxd1 Bb4+ 12. Bd2 Bxd2+ 13. Rxd2 Bg4 14. Be2 Nbd7 15. 0-0 0-0 16. Rfd1 Nb6 17. b3 g6 18. h3 Bxf3 19. Bxf3 Rfe8 20. Rd4 Kg7 21. Ne4 Nxe4 22. Rxe4 Rxe4 23. Bxe4 f5 24. Bf3 Kf7 25. c5 Nd5 26. Bxd5+ cxd5 27. Rxd5 Ke6 28. Rd6+ Ke7 29. Rd4 Ke6 30. Rh4 h5 31. Rb4 Rb8 32. c6 b6 33. Rd4 Rc8 34. Rd7 a5 35. Rg7 Kf6 36. Rb7 Rxc6 37. f4 1/2-1/2

[Event "EU Union-ch U12 13th"]
[Site "Mureck"]
[Date "2015.08.10"]
[Round "6"]
[White "Stoyanov, Tsvetan"]
[Black "Ocko, Dominik"]
[Result "1-0"]
[WhiteElo "2162"]
[BlackElo "1698"]
[PlyCount "79"]
[EventDate "2015.08.05"]
[EventType "swiss"]
[EventRounds "9"]
[EventCountry "AUT"]
[SourceTitle "EXT 2016"]
[Source "ChessBase"]
[SourceDate "2015.10.08"]
[SourceVersion "1"]
[SourceVersionDate "2015.10.08"]
[SourceQuality "1"]

1. d4 d5 2. Nf3 Bf5 3. e3 e6 4. c4 c6 5. Nc3 Nf6 6. Bd3 Bxd3 7. Qxd3 Be7 8. 0-0 Nbd7 9. Bd2 0-0 10. e4 dxe4 11. Nxe4 c5 12. Bc3 Qc7 13. dxc5 Nxc5 14. Nxc5 Qxc5 15. Rac1 Rfd8 16. Qe2 Rac8 17. Ne5 Nd7 18. b3 Nxe5 19. Bxe5 Rd7 20. Bc3 Rcd8 21. b4 Qf5 22. a4 Bf6 23. Bxf6 Qxf6 24. c5 Qd4 25. Qb5 a6 26. Qb6 Rc8 27. h3 Rc6 28. Qa7 h6 29. b5 axb5 30. axb5 Rcc7 31. Qb8+ Kh7 32. c6 bxc6 33. bxc6 Re7 34. Rfd1 Qa4 35. Qf8 Qf4 36. Rc3 Qf6 37. Rf3 Qg5 38. Rg3 Qxg3 39. fxg3 Kg6 40. Qd8 1-0

[Event "Orlova op-A 12th"]
[Site "Orlova"]
[Date "2015.05.30"]
[Round "7"]
[White "Ocko, Dominik"]
[Black "Olsar, Jaroslav"]
[Result "0-1"]
[WhiteElo "1716"]
[BlackElo "2263"]
[PlyCount "86"]
[EventDate "2015.05.24"]
[EventType "swiss"]
[EventRounds "9"]
[EventCountry "CZE"]
[SourceTitle "CBM 166 Extra"]
[Source "ChessBase"]
[SourceDate "2015.06.18"]
[SourceVersion "1"]
[SourceVersionDate "2015.06.18"]
[SourceQuality "1"]

1. d4 Nf6 2. Nc3 d5 3. Bg5 Bf5 4. e3 Nbd7 5. Bd3 Bg6 6. Nf3 c6 7. 0-0 Qb6 8. Rb1 e6 9. Re1 Be7 10. a3 Rd8 11. Qc1 0-0 12. e4 dxe4 13. Nxe4 Rfe8 14. Nxf6+ Bxf6 15. Bxf6 Nxf6 16. Bxg6 hxg6 17. c3 Rd5 18. Re5 Red8 19. Qc2 Nd7 20. Rxd5 cxd5 21. Re1 Rc8 22. Qd2 Nf6 23. Ne5 Rc7 24. f3 Ne8 25. Re2 Nd6 26. Kf1 Nc4 27. Nxc4 Rxc4 28. Qc2 Qc7 29. Kg1 b5 30. Qd2 a5 31. Re3 b4 32. axb4 axb4 33. Rd3 Qb6 34. Kf1 bxc3 35. bxc3 Qb3 36. Kf2 Ra4 37. Kg3 Ra2 38. Qd1 Qb8+ 39. Kh3 Qf4 40. Qb1 Qh6+ 41. Kg3 Qg5+ 42. Kh3 Qxg2+ 43. Kh4 Qxh2+ 0-1

[Event "CZE-ch U12"]
[Site "Kouty nad Desnou"]
[Date "2015.03.14"]
[Round "9"]
[White "Ocko, Dominik"]
[Black "Stinka, Jakub"]
[Result "1/2-1/2"]
[WhiteElo "1599"]
[BlackElo "1651"]
[PlyCount "85"]
[EventDate "2015.03.07"]
[EventType "swiss"]
[EventRounds "9"]
[EventCountry "CZE"]
[SourceTitle "EXT 2017"]
[Source "ChessBase"]
[SourceDate "2016.10.25"]
[SourceVersion "1"]
[SourceVersionDate "2016.10.25"]
[SourceQuality "1"]

1. e4 c5 2. Nf3 d6 3. c3 Nf6 4. Bd3 Nc6 5. Bc2 e5 6. d3 Be6 7. Nbd2 Be7 8. 0-0 0-0 9. Re1 Re8 10. Nf1 Qc7 11. Ng3 d5 12. Qe2 d4 13. c4 a6 14. Nh4 b5 15. b3 Nd7 16. Nhf5 Nf6 17. Rf1 Bf8 18. f4 g6 19. Nh4 Bg7 20. f5 Bd7 21. Bg5 Rf8 22. Rf2 Qd6 23. Raf1 h6 24. Bd2 g5 25. Nf3 Ng4 26. h3 Nxf2 27. Rxf2 f6 28. h4 Qe7 29. Nh5 Be8 30. Ng3 Bf7 31. Nh2 Rfb8 32. Nh5 Qe8 33. g4 Kf8 34. Ng3 Ke7 35. Nf3 Kd7 36. Rf1 Kc7 37. Rc1 bxc4 38. dxc4 Nb4 39. Bxb4 Rxb4 40. h5 a5 41. a4 Rab8 42. Nd2 Qd8 43. Qd3 1/2-1/2

[Event "CZE-ch U12"]
[Site "Kouty nad Desnou"]
[Date "2015.03.10"]
[Round "4"]
[White "Barak, David"]
[Black "Ocko, Dominik"]
[Result "0-1"]
[WhiteElo "1527"]
[BlackElo "1599"]
[PlyCount "126"]
[EventDate "2015.03.07"]
[EventType "swiss"]
[EventRounds "9"]
[EventCountry "CZE"]
[SourceTitle "EXT 2017"]
[Source "ChessBase"]
[SourceDate "2016.10.25"]
[SourceVersion "1"]
[SourceVersionDate "2016.10.25"]
[SourceQuality "1"]

1. e4 c5 2. Nc3 e6 3. Nf3 Nc6 4. d3 Be7 5. g3 d6 6. Bg2 Nf6 7. 0-0 0-0 8. Ng5 h6 9. Nh3 a6 10. f4 Qc7 11. g4 g6 12. f5 g5 13. Nf2 Kg7 14. Nh1 Rh8 15. Ng3 Bd7 16. Bd2 Rag8 17. Nce2 Kf8 18. Bc3 e5 19. h3 Ke8 20. Kf2 Rh7 21. Bf3 Na7 22. b3 Bc6 23. Bb2 d5 24. Rh1 d4 25. Qd2 Nb5 26. Rag1 Kd8 27. Nh5 Nxh5 28. gxh5 Rhg7 29. Rg4 Qd6 30. Rhg1 Qf6 31. a4 Nc7 32. Qa5 Kc8 33. Ba3 Qd6 34. h4 f6 35. hxg5 Rxg5 36. Rxg5 Rxg5 37. Rxg5 fxg5 38. Bg4 Kb8 39. Ng3 Ne8 40. Kf3 Nf6 41. Ne2 Qc7 42. Qxc7+ Kxc7 43. a5 Be8 44. c3 Bd6 45. cxd4 cxd4 46. Bxd6+ Kxd6 47. Ng3 Kc5 48. Ne2 Kb5 49. Nxd4+ exd4 50. e5 Nxg4 51. Kxg4 Kc5 52. f6 Bd7+ 53. Kf3 Be6 54. Ke4 g4 55. b4+ Kxb4 56. Kxd4 g3 57. Ke3 g2 58. Kf2 Kc3 59. Kxg2 Kxd3 60. Kf3 Kd4 61. Kf4 Kd5 62. f7 Bxf7 63. Kf5 Bxh5 0-1

[Event "CZE-ch U12"]
[Site "Kouty nad Desnou"]
[Date "2015.03.07"]
[Round "1"]
[White "Ocko, Dominik"]
[Black "Hrabal, Matej"]
[Result "1-0"]
[WhiteElo "1599"]
[BlackElo "1391"]
[PlyCount "89"]
[EventDate "2015.03.07"]
[EventType "swiss"]
[EventRounds "9"]
[EventCountry "CZE"]
[SourceTitle "EXT 2017"]
[Source "ChessBase"]
[SourceDate "2016.10.25"]
[SourceVersion "1"]
[SourceVersionDate "2016.10.25"]
[SourceQuality "1"]

1. d4 d5 2. Nc3 Nf6 3. Bg5 Nc6 4. e3 Bf5 5. Nf3 e6 6. Bd3 Bg6 7. Ne5 Bxd3 8. cxd3 Be7 9. 0-0 0-0 10. Rc1 Nd7 11. Bxe7 Qxe7 12. Nxc6 bxc6 13. e4 Nf6 14. Re1 Rfd8 15. e5 Ne8 16. a3 c5 17. dxc5 Qxc5 18. d4 Qe7 19. Na4 Rab8 20. b4 g6 21. Nc5 Ng7 22. Re2 Rdc8 23. Rec2 c6 24. Qd3 Nf5 25. Na6 Rb6 26. Nc5 Qe8 27. h3 Ne7 28. Na4 Rb5 29. Rc5 a6 30. R5c3 Qd7 31. Nc5 Qa7 32. Qd2 Rb6 33. Rf3 Nf5 34. g4 Ng7 35. h4 Qe7 36. Qh6 Rc7 37. Rcc3 Qe8 38. Rf6 Qf8 39. Qg5 Qe7 40. Qh6 Qf8 41. Rcf3 Ne8 42. Qxf8+ Kxf8 43. Nxe6+ Ke7 44. Nxc7 Nxf6 45. Rxf6 1-0

[Event "CZE-ch U20 sf"]
[Site "Frydek Mistek"]
[Date "2014.11.22"]
[Round "9"]
[White "Bulockin, Martin"]
[Black "Ocko, Dominik"]
[Result "1/2-1/2"]
[WhiteElo "1695"]
[BlackElo "1641"]
[PlyCount "80"]
[EventDate "2014.11.16"]
[EventType "swiss"]
[EventRounds "9"]
[EventCountry "CZE"]
[SourceTitle "CBM 163 Extra"]
[Source "ChessBase"]
[SourceDate "2014.12.23"]
[SourceVersion "1"]
[SourceVersionDate "2014.12.23"]
[SourceQuality "1"]

1. c4 e5 2. Nc3 Nf6 3. g3 Bb4 4. Bg2 Bxc3 5. bxc3 0-0 6. d4 d6 7. Nf3 Nc6 8. 0-0 Qe7 9. Rb1 Re8 10. h3 Rb8 11. Be3 Bf5 12. Rb2 Na5 13. Nd2 b6 14. Re1 Qe6 15. d5 Qe7 16. Bg5 h6 17. Bxf6 Qxf6 18. e4 Bd7 19. Qe2 Nb7 20. Nb3 Qg6 21. Kh2 a5 22. Rf1 f5 23. f3 fxe4 24. fxe4 Rf8 25. Rbb1 Rxf1 26. Rxf1 Rf8 27. Rxf8+ Kxf8 28. Qf2+ Qf7 29. Kg1 Qxf2+ 30. Kxf2 Ke7 31. g4 Kf6 32. Kg3 g5 33. Bf1 Ba4 34. Nc1 Nc5 35. Bd3 Nxd3 36. Nxd3 Bc2 37. Nf2 Bb1 38. a3 Ba2 39. Nd1 Bxc4 40. Ne3 Bd3 1/2-1/2